[Event "Hong Kong op"]
[Site "Hong Kong"]
[Date "2023.12.27"]
[Round "6"]
[White "Shek, Daniel"]
[Black "Kuo, Huazhen Nicholas"]
[Result "1/2-1/2"]
[WhiteElo "1670"]
[BlackElo "1242"]
[PlyCount "70"]
[EventDate "2023.12.24"]
[EventType "swiss"]
[EventRounds "9"]
[EventCountry "HKG"]
[SourceTitle "CB01_2024"]
[SourceDate "2024.01.03"]
[SourceVersion "1"]
[SourceVersionDate "2024.01.03"]
[SourceQuality "1"]

1. c4 c5 2. Nc3 d6 3. g3 Nf6 4. Bg2 g6 5. d3 Bg7 6. e4 0-0 7. Nge2 Nc6 8. 0-0 a6 9. Be3 Rb8 10. Qd2 b5 11. cxb5 axb5 12. Bh6 b4 13. Na4 Ne8 14. Bxg7 Nxg7 15. d4 Ba6 16. d5 Ne5 17. f4 Nc4 18. Qc1 Qd7 19. b3 Na3 20. Rf2 c4 21. Nd4 Bb5 22. Bf1 Rfc8 23. Nxb5 Rxb5 24. bxc4 Ne8 25. Nb2 Nf6 26. Qe1 Rbb8 27. h3 Qa7 28. Kg2 Qd4 29. e5 Ne4 30. Re2 Nc3 31. Rd2 Qe4+ 32. Qxe4 Nxe4 33. Re2 Nc3 34. Rf2 Ne4 35. Re2 Nc3 1/2-1/2